| 000 | 00384 a2200169 4500 | ||
|---|---|---|---|
| 001 | 184029 | ||
| 020 | _a978 85 2622998-3 | ||
| 040 | _cMagnum | ||
| 100 | _aCaruso, Aristides | ||
| 240 | 1 | 0 |
_aO castelo da intriga _lpor |
| 245 | 1 | 0 | _aO castelo da intriga |
| 300 | _a48 | ||
| 362 | 0 | _a2009 | |
| 440 | 1 | _aScipione | |
| 697 | _aLITERATURA INFANTO-JUVENIL ESTRANGEIRA | ||
| 942 | _cBK | ||
| 999 |
_c184029 _d184029 |
||